Clubes que juegan en LaLiga - Estadísticas

Estadísticas generales
  • Esta prueba ha sido intentada 70 veces
  • La puntuación promedio es 14 de 20
Estadísticas de respuestas
La Liga Clubes % Correcto
FC Barcelona
97%
Real Madrid
97%
Sevilla
86%
Valencia
83%
Real Betis
81%
Real Sociedad
80%
Mallorca
78%
Espanyol
71%
Las Palmas
69%
Osasuna
68%
Rayo Vallecano
68%
Villareal
68%
Getafe
66%
Leganes
66%
Valladolid
66%
Athletic Bilbao
59%
Girona
59%
Atletico Madrid
58%
Celta Vigo
36%
Deportivo Alaves
36%
No se encontraron pruebas coincidentes
Distribución de puntuación
Porcentaje de gente con cada puntuación
Porcentaje por número respondido
Historial de tus puntuaciones
No has intentado esta prueba.